000 00617nam a2200217Ia 4500
003 GCL
008 140319s9999 xx 000 0 ara d
040 _aGCL /
_cGCL
082 0 4 _a953.2
_bح ص
100 1 _aحميدة نعنع
245 1 0 _aالصبح الدامى فى عدن /
_cحميدة نعنع
260 _a[S.N] :
_bدار المستقبل العربى ،
_c1988
300 _a244 ص
490 _a
650 0 4 _aالعصر الحديث
650 0 4 _aتاريخ
650 0 4 _aاليمن
650 0 4 _aالاحوال السياسية
650 0 4 _aالوحدة مع اليمن
942 _2ddc
_cBK
999 _c31263
_d31263